[Event "CZE-chT2c 0607"]
[Site "Czech Republic"]
[Date "2007.03.11"]
[Round "9.8"]
[White "Innemann, Frantisek"]
[Black "Liptak, Pavel"]
[Result "1-0"]
[WhiteElo "1938"]
[BlackElo "2087"]
[PlyCount "83"]
[EventDate "2006.10.15"]
[EventType "team"]
[EventRounds "11"]
[EventCountry "CZE"]
[SourceTitle "EXT 2008"]
[Source "ChessBase"]
[SourceDate "2007.11.25"]
[SourceVersion "1"]
[SourceVersionDate "2007.11.25"]
[SourceQuality "1"]
[WhiteTeam "Vlasim"]
[BlackTeam "Vrchlabi"]
[WhiteTeamCountry "CZE"]
[BlackTeamCountry "CZE"]

1. d4 d5 2. c4 e6 3. Nc3 Nf6 4. Bg5 c6 5. e3 Bb4 6. Bxf6 Qxf6 7. Nf3 Nd7 8. Qb3 Bxc3+ 9. Qxc3 0-0 10. Bd3 Re8 11. Ne5 Nxe5 12. dxe5 Qg5 13. 0-0 f5 14. f4 Qe7 15. b4 Bd7 16. c5 b6 17. Rac1 Rec8 18. Qc2 Rc7 19. g4 g6 20. gxf5 gxf5 21. Kh1 Kh8 22. Rg1 Rcc8 23. Qc3 Qh4 24. Bxf5 Rf8 25. Bb1 Rg8 26. Qd2 bxc5 27. bxc5 Qh3 28. Qf2 Rxg1+ 29. Rxg1 Rb8 30. Bd3 d4 31. Rg3 Qh5 32. exd4 Qd1+ 33. Qf1 Qxf1+ 34. Bxf1 Rb1 35. Kg1 Be8 36. Rb3 Bg6 37. Rxb1 Bxb1 38. Bc4 Bf5 39. Ba6 Be4 40. Kf2 Kg7 41. Ke3 Bd5 42. a3 1-0

[Event "CZE-chT2c 0607"]
[Site "Czech Republic"]
[Date "2007.02.11"]
[Round "7.7"]
[White "Liptak, Pavel"]
[Black "Postupa, Pavel"]
[Result "0-1"]
[WhiteElo "2087"]
[BlackElo "2089"]
[PlyCount "68"]
[EventDate "2006.10.15"]
[EventType "team"]
[EventRounds "11"]
[EventCountry "CZE"]
[SourceTitle "EXT 2008"]
[Source "ChessBase"]
[SourceDate "2007.11.25"]
[SourceVersion "1"]
[SourceVersionDate "2007.11.25"]
[SourceQuality "1"]
[WhiteTeam "Vrchlabi"]
[BlackTeam "Lysa nad Labem"]
[WhiteTeamCountry "CZE"]
[BlackTeamCountry "CZE"]

1. e4 c5 2. Nf3 d6 3. d4 cxd4 4. Nxd4 Nf6 5. Nc3 a6 6. Be3 e5 7. Nb3 Be6 8. f3 Nbd7 9. Qd2 h5 10. 0-0-0 Qc7 11. Nd5 Bxd5 12. exd5 g6 13. Kb1 Bg7 14. Be2 0-0 15. h4 e4 16. g4 exf3 17. Bxf3 Ne5 18. Be2 Nfxg4 19. Bd4 f5 20. Bxg4 fxg4 21. Bxe5 Bxe5 22. Nd4 Bxd4 23. Qxd4 Qg7 24. Qb4 Qd7 25. Rde1 Rae8 26. Rxe8 Rxe8 27. Rf1 Qe7 28. b3 b5 29. Qd4 Qxh4 30. Rf6 Qe1+ 31. Kb2 Qe5 32. Rxg6+ Kh7 33. Qxe5 Rxe5 34. Rxd6 g3 0-1

[Event "Hradec Kralove Region-chT 0506"]
[Site "Czech Republic"]
[Date "2005.11.27"]
[Round "3.6"]
[White "Liptak, Pavel"]
[Black "Turcin, Jan"]
[Result "1/2-1/2"]
[WhiteElo "2074"]
[BlackElo "1902"]
[PlyCount "44"]
[EventDate "2005.10.23"]
[EventType "team-tourn"]
[EventRounds "11"]
[EventCountry "CZE"]
[SourceTitle "EXT 2024"]
[Source "ChessBase"]
[SourceDate "2023.10.10"]
[SourceVersion "1"]
[SourceVersionDate "2023.10.10"]
[SourceQuality "1"]
[WhiteTeam "Vrchlabi"]
[BlackTeam "Jicin"]
[WhiteTeamCountry "CZE"]
[BlackTeamCountry "CZE"]

1. e4 c5 2. Nf3 Nc6 3. d4 cxd4 4. Nxd4 e6 5. Nc3 Nf6 6. Nxc6 bxc6 7. e5 Nd5 8. Ne4 Qh4 9. Bd3 Nf4 10. 0-0 Nxd3 11. Qxd3 h6 12. Be3 Be7 13. Nd6+ Bxd6 14. Qxd6 Qe7 15. Qc7 a5 16. Qb6 0-0 17. Bc5 Qd8 18. Qb3 Re8 19. Bb6 a4 20. Qe3 Qg5 21. Qxg5 hxg5 22. Be3 f6 1/2-1/2

[Event "CZE-chT2c 0405"]
[Site "Czech Republic"]
[Date "2004.12.19"]
[Round "5.8"]
[White "Liptak, Pavel"]
[Black "Kastner, Vojtech"]
[Result "1-0"]
[WhiteElo "2025"]
[BlackElo "1914"]
[PlyCount "31"]
[EventDate "2004.10.17"]
[EventType "team"]
[EventRounds "11"]
[EventCountry "CZE"]
[SourceTitle "EXT 2007"]
[Source "ChessBase"]
[SourceDate "2006.11.23"]
[SourceVersion "1"]
[SourceVersionDate "2006.11.23"]
[SourceQuality "1"]
[WhiteTeam "Vrchlabi"]
[BlackTeam "Synthesia II"]
[WhiteTeamCountry "CZE"]
[BlackTeamCountry "CZE"]

1. e4 e6 2. d4 d5 3. Nc3 Nf6 4. Bg5 Bb4 5. e5 h6 6. Bd2 Bxc3 7. bxc3 Ne4 8. Qg4 g6 9. Bd3 Nxd2 10. Kxd2 c5 11. Nf3 Bd7 12. h4 Bc6 13. Rh3 Nd7 14. Bxg6 Rg8 15. Qxe6+ Qe7 16. Bxf7+ 1-0